00891nam a2200229 a 450000100100000000500170001000800410002704000250006808200180009311000280011124501330013926000840027230000270035650400280038365000530041165000310046465000300049565000210052565000600054670000250060670000300063100001751220240514195118.0100326s2004 dr a r 000 0 spa d aDO-SdBNPbspacBNPHU a362.83bC691c2 aColectiva Mujer y Salud10aConsulta sobre calidad de servicios de salud y violencia :btestimonios de mujeres /ccoordinadoras Wendy Alba, Sergia Galván. aSanto Domingo :bColectiva Mujer y Salud :bFundación Heinrich Böll,c2004. a55 p. :bil. ;c26 cm. aBibliografía : p. 55. 4aServicios de salud para mujeresxInvestigaciones 4aTrabajo social con mujeres 0aVIOLENCIA CONTRA LA MUJER 0a Calidad de vida 4aMujeresxCuestiones sociales y moralesxInvestigaciones1 aAlba, Wendy,ecoord.1 aGalván, Sergia,ecoord.